000 00191 a2200097 4500
020 _a9780152059064
041 _aspa
100 _aJeanette Winter
245 _aCalavera Abecedario
942 _cK
999 _c26594
_d26594